Odpowiedzią jest państwo z jedną prowincją - Statystyki

Ogólne statystyki
  • Ten quiz został rozwiązany 49 razy
  • Średni wynik to 4 z 6
Statystyki odpowiedzi
Pytanie Państwo % Poprawnych
Najmniejsze państwoEuropy i świata Watykan
100%
Organizator mistrzostw Świata 2022 w piłkę nożną Katar
80%
Pierwsze państwo z Jedną prowincją które Należy do uni europejskien Luksemburg
76%
Graniczy z dwoma wielkimiPaństwami Andora
60%
Graniczy z dwoma małymi Państwami Liechtenstein
60%
Ma najwięcej kolorów naSwojej fladze San marino
49%
Nie znaleziono quizów pasujących do podanych kryteriów
Rozkład punktacji
Procent ludzi z każdym wynikiem
Percentyl według liczby udzielonych odpowiedzi
Twoja historia wyników
Nie rozwiązałeś tego quizu